| 000 | 01643cam a2200433 a 4500 | ||
|---|---|---|---|
| 001 | 12185655 | ||
| 003 | Nust | ||
| 005 | 20220830123212.0 | ||
| 008 | 000926r19991843enka 000 1 eng | ||
| 010 | _a 00708797 | ||
| 020 | _a978-0140436143 | ||
| 020 | _a0140436146 | ||
| 040 |
_aDLC _cDLC _dDLC |
||
| 043 |
_an-us--- _ae-uk-en |
||
| 050 | 0 | 0 |
_aPR4563.A2 _bI54 1999 |
| 082 | 0 | 0 |
_a823 _bDIC |
| 100 | 1 |
_aDickens, Charles, _d1812-1870. _912180 |
|
| 240 | 1 | 0 | _aMartin Chuzzlewit |
| 245 | 1 | 4 |
_aThe life and adventures of Martin Chuzzlewit / _cCharles Dickens ; |
| 260 |
_aLondon ; _aNew York : _bPenguin Books, _c1999. |
||
| 300 |
_axxxiii, 828 p. : _bill. ; _c20 cm. |
||
| 440 | 0 |
_aPenguin classics _911658 |
|
| 650 | 0 | 0 |
_aBritish _zUnited States _vFiction. _998640 |
| 650 | 0 |
_aGrandfathers _vFiction. _998609 |
|
| 650 | 0 |
_aYoung men _vFiction. _912184 |
|
| 650 | 0 |
_aAvarice _vFiction. _998641 |
|
| 651 | 0 |
_aUnited States _xDescription and travel _vFiction. _998642 |
|
| 651 | 0 |
_aEngland _vFiction. _91072 |
|
| 655 | 7 |
_aSatire. _2lcsh _97757 |
|
| 655 | 7 |
_aBlack humor (Literature) _2gsafd _998643 |
|
| 655 | 7 |
_aAdventure stories. _2gsafd |
|
| 655 | 7 |
_aBildungsromans. _2gsafd |
|
| 700 | 1 |
_aIngham, Patricia. _927933 |
|
| 856 | 4 | 2 |
_3Contributor biographical information _uhttp://www.loc.gov/catdir/enhancements/fy1203/00708797-b.html |
| 856 | 4 | 2 |
_3Publisher description _uhttp://www.loc.gov/catdir/enhancements/fy1203/00708797-d.html |
| 906 |
_a7 _bcbc _corigcop _d2 _encip _f20 _gy-gencatlg |
||
| 942 |
_2ddc _cBK |
||
| 999 |
_c174600 _d174600 |
||